000 00587nam a22001937a 4500
005 20180503154204.0
010 _aENG-122873
020 _a9788181523600
_c1195.00
035 _aEN-106405
037 _bDBAD/PUB.
082 _a363.34
100 _aSharma, Anshuman
245 _aDisaster Management and climate change /
_cby Anshuman Sharma
260 _aJaipur
_bBook Enclave
_c2015
270 _aF-11, S.S.Toer, Dhamani Street, Chaura Rasta,
_bJaipur
_e302003
300 _aiii, 218p.
_c24cm(Hb)
500 _aIt include index
942 _2ddc
_cEN
_h363.34
_mSHA
999 _c151861
_d151861